Hubungan etnik : (Record no. 94298)

MARC details
000 -LEADER
fixed length control field 00669nam a2200229 i 4500
001 - CONTROL NUMBER
control field C2-0288759
003 - CONTROL NUMBER IDENTIFIER
control field PPAK
005 - DATE AND TIME OF LATEST TRANSACTION
control field 20180728021740.0
008 - FIXED-LENGTH DATA ELEMENTS--GENERAL INFORMATION
fixed length control field 080612s2008 my |||| ||||| | may d
020 ## - INTERNATIONAL STANDARD BOOK NUMBER
International Standard Book Number 9789675128035
040 ## - CATALOGING SOURCE
Original cataloging agency PPAK
Language of cataloging eng
Transcribing agency PPAK
Description conventions rda
082 04 - DEWEY DECIMAL CLASSIFICATION NUMBER
Classification number 305.8009595
Edition number 23
090 00 - LOCALLY ASSIGNED LC-TYPE CALL NUMBER (OCLC); LOCAL CALL NUMBER (RLIN)
Classification number (OCLC) (R) ; Classification number, CALL (RLIN) (NR) 305.8009595
Feature heading HUB
Feature heading G
245 00 - TITLE STATEMENT
Title Hubungan etnik :
Remainder of title konsep dan amalannya di Malaysia
264 #1 - PRODUCTION, PUBLICATION, DISTRIBUTION, MANUFACTURE, AND COPYRIGHT NOTICE
Place of production, publication, distribution, manufacture Kuala Lumpur :
Name of producer, publisher, distributor, manufacturer Yayasan Dakwah Islamiah Malaysia (YADIM) ,
Date of production, publication, distribution, manufacture, or copyright notice 2008
300 ## - PHYSICAL DESCRIPTION
Extent 206 pages ;
Dimensions 21 cm
336 ## - CONTENT TYPE
Source rdacontent
Content type term text
337 ## - MEDIA TYPE
Source rdamedia
Media type term unmediated
338 ## - CARRIER TYPE
Source rdacarrier
Carrier type term volume
650 10 - SUBJECT ADDED ENTRY--TOPICAL TERM
Topical term or geographic name entry element Malaysia - Etnic relation.
942 ## - ADDED ENTRY ELEMENTS (KOHA)
-- dc
Koha item type Book
Holdings
Withdrawn Not for loan Current library Shelving location Date acquired Total Checkouts Full call number Barcode Date last seen Date last checked out Koha item type Total Renewals
    Perpustakaan Alor Setar Pinjaman Dewasa 08/07/2008 4 305.8009595 HUB A01250222 24/05/2022 24/03/2022 Book  
    Perpustakaan Awam Sungai Petani Pinjaman Dewasa 08/07/2008 2 305.8009595 HUB A01250224 05/01/2020 30/11/2019 Book 1
    Perpustakaan Baling Pinjaman Dewasa 08/07/2008 2 305.8009595 HUB A01250230 12/07/2020 02/03/2020 Book 2
    Perpustakaan Bandar Baharu Pinjaman Dewasa 08/07/2008   305.8009595 HUB A01250231 09/05/2018   Book  
    Perpustakaan Jitra Pinjaman Dewasa 08/07/2008 3 305.8009595 HUB A01250225 12/10/2024 07/10/2024 Book  
    Perpustakaan Kulim Pinjaman Dewasa 08/07/2008   305.8009595 HUB A01250227 09/05/2018   Book  
    Perpustakaan Langkawi Pinjaman Dewasa 08/07/2008   305.8009595 HUB A01250226 09/05/2018   Book  
    Perpustakaan Merbok Pinjaman Dewasa 08/07/2008   305.8009595 HUB A01250234 09/05/2018   Book  
    Perpustakaan Sik Pinjaman Dewasa 08/07/2008   305.8009595 HUB A01250229 09/05/2018   Book  
    Perpustakaan Yan Pinjaman Dewasa 08/07/2008 2 305.8009595 HUB A01250228 06/12/2020 21/10/2020 Book 2